[Event "Principal / Accession 2024/2025"]
[Site "Vitrolles"]
[Date "2025.03.22"]
[Round "9.10"]
[White "Anton, Jose"]
[Black "Montanelli, Tristan"]
[Result "0-1"]
[WhiteElo "1794"]
[BlackElo "1714"]
[PlyCount "110"]
[EventDate "2025.??.??"]
[WhiteTeam "CE Vitrolles"]
[BlackTeam "Club d'Echecs de Meyreuil"]

1. e4 c5 2. d4 cxd4 3. c3 dxc3 4. Nxc3 Nc6 5. Nf3 e6 6. Bc4 a6 7. O-O b5 8. Bb3
Na5 9. Bf4 Bb7 10. Re1 Nxb3 11. Qxb3 Nf6 12. a4 b4 13. Nd5 Rc8 14. a5 Bc5 15.
Nxb4 Nxe4 16. Re2 O-O 17. Nd3 Bd5 18. Qa4 f5 19. Nxc5 Nxc5 20. Qa3 Nb3 21. Rd1
Qxa5 22. Qe7 Qb5 23. Ree1 Rf7 24. Qh4 Bxf3 25. gxf3 Rc4 26. Kh1 e5 27. Rxe5
Qxe5 28. Qd8+ Rf8 29. Qxf8+ Kxf8 30. Bxe5 Rc1 31. Rxc1 Nxc1 32. Kg2 Nd3 33. Bd4
g6 34. Kf1 Nf4 35. Be5 Nd5 36. Ke2 Ke7 37. Kd3 Ke6 38. Kd4 d6 39. Bg7 Ne7 40.
Kc4 Nc6 41. f4 Nd8 42. Bd4 Nc6 43. Be3 Kd7 44. Bd2 Ne7 45. Bc3 Kc6 46. Be1 Nd5
47. Bd2 Nf6 48. f3 Nd7 49. Bc1 Nc5 50. Bd2 Ne6 51. Be3 d5+ 52. Kb4 d4 53. Bd2
Kd5 54. Ka5 Nc5 55. Be1 Nd3 0-1

[Event "Principal / Accession 2024/2025"]
[Site "Vitrolles"]
[Date "2025.03.22"]
[Round "9.11"]
[White "Ben Amar, Yanis"]
[Black "Madranges, Jean"]
[Result "1-0"]
[WhiteElo "1928"]
[BlackElo "1798"]
[PlyCount "85"]
[EventDate "2025.??.??"]
[WhiteTeam "Echecs Academy de Marseille"]
[BlackTeam "Puy Ste Réparade"]

1. b3 b6 2. Bb2 Bb7 3. e3 e6 4. Nf3 f5 5. Be2 Nf6 6. d4 Be7 7. c4 d6 8. Ng5 Qd7
9. Bf3 Ne4 10. Bxe4 fxe4 11. Qh5+ g6 12. Qg4 Bxg5 13. Qxg5 Qe7 14. Qxe7+ Kxe7
15. d5 Rf8 16. Nc3 exd5 17. cxd5 Na6 18. O-O Rf5 19. Nxe4 Bxd5 20. Ng3 Rf7 21.
e4 Bb7 22. Ba3 Nc5 23. Rfd1 h5 24. f3 h4 25. Nf1 h3 26. Rac1 hxg2 27. Kxg2 Kd7
28. Bxc5 bxc5 29. Rxc5 Raf8 30. Rc3 Bxe4 31. fxe4 Rf2+ 32. Kg1 Rxa2 33. e5 Rff2
34. Rg3 Rfb2 35. Rxg6 Rxb3 36. exd6 cxd6 37. Rgxd6+ Ke7 38. R6d2 Ra6 39. Kg2
Raa3 40. Ng3 a5 41. Rf1 Rc3 42. Nf5+ Ke8 43. Nd6+ 1-0